书目信息 |
| 题名: |
汽车自动变速器构造与检修
|
|
| 作者: | 孙静霞 , 王永莉 主编 | |
| 分册: | ||
| 出版信息: | 北京 北京理工大学出版社 2019.07 |
|
| 页数: | 150页 | |
| 开本: | 26cm | |
| 丛书名: | ||
| 单 册: | ||
| 中图分类: | U472.41 , U463.212 | |
| 科图分类: | ||
| 主题词: | 汽车--qi che--自动变速装置--检修 , 汽车--qi che--自动变速装置--构造 | |
| 电子资源: | ||
| ISBN: | 978-7-5682-7304-6 | |
| 000 | 01147nam0 2200265 450 | |
| 001 | 0106081817 | |
| 005 | 20201106082044.0 | |
| 010 | @a978-7-5682-7304-6@dCNY54.00 | |
| 100 | @a20200408d2019 em y0chiy50 ea | |
| 101 | 0 | @achi |
| 102 | @aCN@b110000 | |
| 105 | @aak z 000yy | |
| 106 | @ar | |
| 200 | 1 | @a汽车自动变速器构造与检修@Aqi che zi dong bian su qi gou zao yu jian xiu@f孙静霞, 王永莉主编 |
| 210 | @a北京@c北京理工大学出版社@d2019.07 | |
| 215 | @a150页@c图@d26cm@e附学习评价1册 (32页) | |
| 330 | @a本书主要介绍汽车自动变速器的结构组成,并对其主要零部件及总成进行检修与故障诊断,包括七个学习任务:自动变速器概述、液力变矩器构造与检修、齿轮变速器构造与检修、自动变速器电子控制系统、自动变速器液压控制系统、自动变速器性能试验与常见故障诊断、双离合自动变速器。每个任务设计包括:工作情境描述、学习目标、知识准备、任务实施、拓展学习。 | |
| 606 | 0 | @a汽车@Aqi che@x自动变速装置@x检修 |
| 606 | 0 | @a汽车@Aqi che@x自动变速装置@x构造 |
| 690 | @aU472.41@v5 | |
| 690 | @aU463.212@v5 | |
| 701 | 0 | @a孙静霞@Asun jing xia@4主编 |
| 701 | 0 | @a王永莉@Awang yong li@4主编 |
| 801 | 0 | @aCN@bBJSZM@c20201106 |
| 905 | @b1192036-9@dU472.41@e932@f4 | |
| 汽车自动变速器构造与检修/孙静霞, 王永莉主编.-北京:北京理工大学出版社,2019.07 |
| 150页:图;26cm+附学习评价1册 (32页) |
| ISBN 978-7-5682-7304-6:CNY54.00 |
| 本书主要介绍汽车自动变速器的结构组成,并对其主要零部件及总成进行检修与故障诊断,包括七个学习任务:自动变速器概述、液力变矩器构造与检修、齿轮变速器构造与检修、自动变速器电子控制系统、自动变速器液压控制系统、自动变速器性能试验与常见故障诊断、双离合自动变速器。每个任务设计包括:工作情境描述、学习目标、知识准备、任务实施、拓展学习。 |
| ● |
| 相关链接 |
|
|
|
|
正题名:汽车自动变速器构造与检修
索取号:U472.41/932
 
预约/预借
| 序号 | 登录号 | 条形码 | 馆藏地/架位号 | 状态 | 备注 |
| 1 | 1192036 | 211920368 | 第二样本阅览室/ [索取号:U472.41/932] | 在馆 | |
| 2 | 1192037 | 211920377 | 第三借阅区/ [索取号:U472.41/932] | 在馆 | |
| 3 | 1192038 | 211920386 | 第三借阅区/ [索取号:U472.41/932] | 在馆 | |
| 4 | 1192039 | 211920395 | 第三借阅区/ [索取号:U472.41/932] | 在馆 |